| 000 | 00499nam a22001817a 4500 | ||
|---|---|---|---|
| 003 | OSt | ||
| 005 | 20180116183046.0 | ||
| 008 | 160720b xxu||||| |||| 00| 0 eng d | ||
| 020 | _a9780230518087 | ||
| 040 | _c0 | ||
| 082 | _a330.095 CUI 2009 | ||
| 100 | _aMoureen Cuirdham | ||
| 245 |
_aCulture+Business in ASIA Maureen Guirdham _cMoureen Cuirdham |
||
| 260 |
_aUK _bPalgrave Macmillan _c2009 |
||
| 300 |
_a371 p. _bPB |
||
| 440 | _aCulture+Business in ASIA Maureen Guirdham | ||
| 942 |
_2ddc _cBK |
||
| 999 |
_c351422 _d351422 |
||